Sexualidad y adolescencia: tópicos en Psicología. Texto alumno
Saved in:
| 主要作者: | |
|---|---|
| 格式: | 圖書 |
| 語言: | 西班牙语 |
| 出版: |
Santiago
Eds. Universidad Católica de Chile
2001
|
| 版: | 3a. ed |
| 叢編: | Aprendizaje
|
| 主題: | |
| 標簽: |
添加標簽
沒有標簽, 成為第一個標記此記錄!
|
MARC
| LEADER | 00000nam a2200000 a 4500 | ||
|---|---|---|---|
| 001 | UCH6637 | ||
| 003 | CL-VaPUC | ||
| 008 | 091109e20010000CL |||||||||||||||||spa|d | ||
| 020 | |a 9561403137 | ||
| 082 | 0 | 4 | |a 612.6 |b SIL |2 21 |
| 100 | 0 | |a Silva Raveau, Mónica |e author |9 543293 | |
| 245 | 1 | 0 | |a Sexualidad y adolescencia: tópicos en Psicología. Texto alumno |
| 250 | |a 3a. ed | ||
| 300 | |a 113 p | ||
| 942 | |c BK | ||
| 945 | |d 20091109 00:00:00 |a lazolas | ||
| 260 | |a Santiago |b Eds. Universidad Católica de Chile |c 2001 | ||
| 650 | 0 | |a Educación sexual |9 308005 | |
| 650 | 0 | |a Adolescencia |9 307361 | |
| 650 | 0 | |a Aspectos sexuales |9 310122 | |
| 650 | 7 | |a RELACIONES SEXUALES |2 CL-VaPUC |9 312685 | |
| 650 | 7 | |a RELACION DE PAREJA |2 CL-VaPUC |9 363459 | |
| 650 | 7 | |a RELACIONES FAMILIARES |2 CL-VaPUC |9 333100 | |
| 650 | 7 | |a PSICOLOGIA SEXUAL |2 CL-VaPUC |9 471026 | |
| 650 | 7 | |a EMBARAZO |2 CL-VaPUC |9 308235 | |
| 583 | |a last modification |c 20091109 00:00:00 |k Rodrigo Vera | ||
| 490 | 0 | |a Aprendizaje | |
| 999 | |c 337486 |d 337484 | ||